000 00204nam a22000977a 4500
999 _c16208
_d16208
003 OSt
008 200623b ||||| |||| 00| 0 eng d
100 _aS parameswaren
_94626
245 _azoology
942 _cBK